000 00757cam a22002533a 4500
001 13814
003 PGUSA
005 20140828083309.0
008 041020s2004||||xxu|||||s|||||000 | eng d
040 _aPGUSA
_beng
042 _adc
050 4 _aPN
100 1 _aBiese, Alfred,
_d1856-1930
245 1 4 _aThe Development of the Feeling for Nature in the Middle Ages and Modern Times
_h[electronic resource] /
_cAlfred Biese
260 _bProject Gutenberg,
_c2004
500 _aTranslated from the original German.
506 _aPublic domain in the USA.
516 _aElectronic text
653 _aNature in literature
653 _aNature
830 0 _aProject Gutenberg
_v13814
856 4 0 _uhttp://www.gutenberg.org/ebooks/13814
942 _cEB
999 _c243069
_d243069